MMA 2009. Flexible Technologies : Proceedings. 10th international scientific conference. - Novi Sad, 9.-10.10. 2009

Salvato in:
Dettagli Bibliografici
Altri autori: Čosič, Ilija (Redattore)
Natura: Libro
Pubblicazione: Novi Sad : Faculty of Technical Sciences, 2009
Tags: Aggiungi Tag
Nessun Tag, puoi essere il primo ad aggiungerne!!

MARC

LEADER 00000nam a22000003a 4500
001 stu193226
005 20150617225612.1
008 091021s2009----yu----------------------d
020 |a 978-86-7892-223-7 
040 |a STU  |b slo 
041 0
044 |a yu 
100 1 |a Čosič, Ilija  |4 edt 
245 1 |a MMA 2009. Flexible Technologies :  |b Proceedings. 10th international scientific conference. - Novi Sad, 9.-10.10. 2009 
260 |a Novi Sad :  |b Faculty of Technical Sciences,  |c 2009 
996 |b 284M071652  |c M*CD-1514  |l MMKN  |s A  |a 24  |w stu193226_0001 
996 |b 284M071653  |c M*CD-1515  |l MMKN  |s A  |a 24  |w stu193226_0002 
996 |b 284M071654  |c M*CD-1516  |l MMKN  |s A  |a 24  |w stu193226_0003 
996 |b 284M071655  |c M*CD-1517  |l MMKN  |s A  |a 24  |w stu193226_0004